80 Biggest Cities in Albania On A Map - Statistics

General Stats
  • This quiz has been taken 398 times
  • The average score is 23 of 80
Answers on the Map
Answers color-coded by a green-red scale on the quiz's map according to % correct below.
 
Answer Stats
Population City % Correct
374 801 ★ Tirana
97%
122 034 Durrës
86%
89 546 Vlorë
84%
88 245 Shkodër
83%
100 903 Elbasan
77%
58 249 Korçë
74%
15 147 Sarandë
72%
17 832 Kukës
71%
56 297 Fier
70%
23 437 Gjirokastër
69%
46 866 Berat
65%
18 695 Lezhë
62%
61 530 Pogradec
59%
41 469 Lushnjë
50%
21 286 Krujë
46%
4 596 Himarë
42%
29 354 Kavajë
41%
11 955 Tepelenë
41%
24 825 Laç
40%
15 405 Burrel
39%
6 937* Librazhd
38%
14 848 Peshkopi
38%
6 495 Pukë
38%
11 026 Kamëz
37%
10 686 Përmet
33%
2 994 Ksamil
32%
5 340* Bajram Curri
31%
11 556 Gramsh
31%
18 166 Kuçovë
30%
10 458 Fushë-Krujë
29%
5 620 Rrogozhinë
29%
4 973 Vorë
29%
2 698 Shëngjin
28%
7 890 Ersekë
27%
~60 000 Patos
27%
11 212 Bulqizë
25%
14 269 Cërrik
25%
3 916 Delvinë
24%
4 078 Koplik
24%
14 138 Shijak
24%
7 513 Peqin
23%
7 114 Bilisht
22%
2 604 Orikum
20%
3 735 Maliq
19%
8 282 Mamurras
19%
5 847* Përrenjas
19%
10 064 Rrëshen
18%
14 046 Çorovodë
17%
2 438 Fushë-Arrëz
17%
10 663 Poliçan
17%
10 361 Ballsh
16%
8 445* Divjakë
16%
2 655 Leskovik
16%
4 951 Memaliaj
16%
2 157 Milot
16%
6 912 Selenicë
16%
~4 900 Këlcyrë
14%
3 651 Libohovë
12%
4 893 Ura Vajgurore
12%
8 117* Vau i Dejës
12%
6 006* Krumë
11%
6 657 Roskovec
11%
2 332 Rubik
9%
15 966* Sukth
8%
2 346* Bajzë
4%
1 899* Reps
3%
6 652* Manëz
2%
22 679 Patos Fshat
2%
12 691 Librazhd-Qendër
1%
2 569 Uznovë
1%
~2 500 Banaj
0%
1 907 Drenovicë
0%
3 243 Gjinkar
0%
1 714 Goraj
0%
1 628 Lapardha Dy
0%
1 637 Magjatë
0%
3 850 Mborje
0%
2 338 Perondi
0%
1 950 Poshnje
0%
1 780 Tapi
0%
No matching quizzes found
Score Distribution
Percent of People with Each Score
Percentile by Number Answered
Your Score History
You have not taken this quiz